Home Print Resources E-Books E-Journals IIMT Lecture Series Library Membership Form Book Recommendation Form Campus Tour Take AdmissionAbout Us Contact Us

PROGRAMMING IN ANSI C (Record no. 29831)

000 -LEADER
fixed length control field 00278nam a2200121Ia 4500
008 - FIXED-LENGTH DATA ELEMENTS--GENERAL INFORMATION
fixed length control field 170620s9999 xx 000 0 und d
020 ## - INTERNATIONAL STANDARD BOOK NUMBER
International Standard Book Number 978-0-07-066907-9
100 ## - MAIN ENTRY--PERSONAL NAME
Personal name BALAGURU SWAMY-E
245 #0 - TITLE STATEMENT
Title PROGRAMMING IN ANSI C
260 ## - PUBLICATION, DISTRIBUTION, ETC.
Name of publisher, distributor, etc. N DELHI TMH
260 ## - PUBLICATION, DISTRIBUTION, ETC.
Date of publication, distribution, etc. 2007
300 ## - PHYSICAL DESCRIPTION
Extent 549
546 ## - LANGUAGE NOTE
Language note ENGLISH

No items available.

IIMT, Central Library. All Rights Reserved IIMT,UNIVERSITY © 2023
Implemented and Customised by I CLOUDE EMS
You Are OPAC Visitor No
free web counter

Powered by Koha